|
|
|
|
| LEADER |
00854nam a22002412a 4500 |
| 001 |
000361038 |
| 003 |
CZ BrMZK |
| 005 |
20130806065649.0 |
| 007 |
ta |
| 008 |
980107s1970 xr f cze d |
| 015 |
|
|
|a cnb000495616
|
| 035 |
|
|
|a (OCoLC)42126071
|
| 040 |
|
|
|a BOA001
|b cze
|
| 100 |
1 |
|
|a Šustr, Vladimír,
|d 1913-1987
|7 jk01131762
|4 aut
|
| 245 |
1 |
0 |
|a Stezkou smrti /
|c Vladimír Šustr
|
| 250 |
|
|
|a 1. vyd.
|
| 260 |
|
|
|a Ostrava :
|b Profil,
|c 1970
|
| 300 |
|
|
|a 128 s.
|
| 856 |
4 |
1 |
|u http://www.digitalniknihovna.cz/mzk/uuid/uuid:d87787a0-8492-11e2-aa2b-005056827e51
|y Digitalizovaný dokument
|x NDK
|
| 910 |
|
|
|a BOA001
|b 2-0642.611
|b PK-0057.959
|
| 990 |
|
|
|a BK
|
| 996 |
6 |
|
|b 2619669020
|c 2-0642.611
|l HP2
|r DEN
|n 0
|w 000361038
|u 000020
|a 1
|e BOA001
|j MZK50
|s P
|
| 996 |
7 |
|
|b 3119809109
|c PK-0057.959
|l MZK
|r Sklad / do 1 hodiny
|n 1
|w 000361038
|u 000010
|a 1
|e BOA001
|j MZK50
|s A
|